LEADER 00894nam a2200205 i 4500 001 000000229026 003 CaOOAMICUS 005 20140423000000.0 008 140423s1829 it u000 u fre u 013 $a207928 026 $av.e, 0.II n-s, cequ (7) 1829 (A) 040 $aSeMil$bita 245 10$aDeuxième partie, suite des Pères dogmatiques. Tome vingt-cinquième. 300 $a416 p. 773 0 $tBibliothèque choisie des Pères de l'Église grecque et latine, ou cours d'éloquence sacrée; par Marie-Nicolas-Sylvestre Guillon ... Tome 1. [-36.].$dParis : Chez Méquignon-Havard, 1828-1829$g28$w()29766 850 $aSeMil 852 $aSeMil$W1$xVenegono$y1$m2S I 28 FA$j179372$B179372$CSeMilBibl$Z2$F190471 $8I 941 1 $a10 961 $aLascito: Mantegazza 996 $6245$aDeuxième partie, suite des Pères dogmatiques. Tome vingt-cinquième$9(OLS)http://semarc/title/327696 LEADER 01835nam a2200289 i 4500 001 000000067976 003 CaOOAMICUS 005 20250708143823.0 008 150715s1998 it u000 u ita u 013 $a39148 020 $a88-343-0147-1 040 $aSeMil$bita 245 10$aChiesa, usura e debito estero :$bgiornata di studio su : «Chiesa e prestito a interesse, ieri e oggi» in occasione del Cinquantesimo della Facoltà di Economia (Milano, 19 dicembre 1997) /$cUniversità Cattolica del Sacro Cuore Centro di ricerche per lo studio della dottrina sociale della Chiesa. 260 $aMilano :$bVita e Pensiero,$ccopyr. 1998. 300 $aVI, 177 p. ;$c24 cm. 490 0 $aQuaderni pubblicati dal Centro di ricerche per lo studio della dottrina sociale della Chiesa ;$vQuaderno n.6. Supplemento 650 4$aChiesa e denaro.$0(OLS)http://semarc/subject/58117 650 4$aChiesa e economia.$0(OLS)http://semarc/subject/3056 710 2 $aUniversità Cattolica del Sacro Cuore : Centro di ricerche per lo studio della dottrina sociale della Chiesa.$0(OLS)http://semarc/name/200 830 0$aQuaderni pubblicati dal Centro di ricerche per lo studio della dottrina sociale della Chiesa ;$vQuaderno n.6. Supplemento.$0(OLS)http://semarc/title/309 850 $aSeMil 852 $aSeMil$W1$xVenegono$y1$m3N V 196/A$j34129$B34129$CSeMilBibl$Z2$F34132 $81 961 $aOmaggio: Scuola Cattolica 996 $6020$a88-343-0147-1$9(OLS)http://semarc/number/46061 996 $6245$aChiesa, usura e debito estero :$bgiornata di studio su : «Chiesa e prestito a interesse, ieri e oggi» in occasione del Cinquantesimo della Facoltà di Economia (Milano, 19 dicembre 1997)$9(OLS)http://semarc/title/108435 996 $6260$aMilano :$bVita e Pensiero$9(OLS)http://semarc/publisher/29642